书目信息 |
| 题名: |
金属断裂研究文集
|
|
| 作者: | 陈篪 著 | |
| 分册: | ||
| 出版信息: | 北京 冶金工业出版社 1978 |
|
| 页数: | 219页 | |
| 开本: | 20cm | |
| 丛书名: | ||
| 单 册: | ||
| 中图分类: | O346.1 | |
| 科图分类: | ||
| 主题词: | 金属-断裂--文集 , 断裂-金属--文集 , 固体力学 | |
| 电子资源: | ||
| ISBN: | ||
| 000 | 00649nam0 2200253 45 | |
| 001 | 0178000372 | |
| 005 | 20040518103922.0 | |
| 010 | @dCNY1.30@b精装 | |
| 091 | @a15062.3381 | |
| 100 | @a19950731d1978 emky0chiy0121 ea | |
| 101 | 0 | @achi |
| 102 | @aCN@b110000 | |
| 105 | @ay z 000yy | |
| 106 | @ar | |
| 200 | 10 | @a金属断裂研究文集@Ajin shu duan lie yan jiu wen ji@f陈篪等著 |
| 210 | @a北京@c冶金工业出版社@d1978 | |
| 215 | @a219页@d20cm | |
| 606 | @a金属-断裂@x文集 | |
| 606 | @a断裂-金属@x文集 | |
| 606 | 0 | @a固体力学 |
| 690 | @aO346.1@v3 | |
| 701 | 0 | @a陈篪@Achen chi@4著 |
| 801 | 0 | @aCN@bNLC@c20040518 |
| 905 | @dO346.1@e1@f1@b3154 | |
| 金属断裂研究文集/陈篪等著.-北京:冶金工业出版社,1978 |
| 219页;20cm |
| ISBN (精装):CNY1.30 |
| ● |
| 相关链接 |
|
|
|
|
正题名:金属断裂研究文集
索取号:O346.1/1
 
预约/预借
| 序号 | 登录号 | 条形码 | 馆藏地/架位号 | 状态 | 备注 |
| 1 | 0003154 | 000385595 | 第三借阅区/ [索取号:O346.1/1] | 在馆 |